Normal view
MARC view
- Muhammad Khaliq Ul Rehman
Entry Personal Name
001 - CONTROL NUMBER
- control field: 14565
003 - CONTROL NUMBER IDENTIFIER
- control field: NUST
005 - DATE AND TIME OF LATEST TRANSACTION
- control field: 20190528044733.0
008 - FIXED-LENGTH DATA ELEMENTS
- fixed length control field: 190528|| aca||aabn | a|a d
040 ## - CATALOGING SOURCE
- Original cataloging agency: NUST
- Transcribing agency: NUST
100 ## - HEADING--PERSONAL NAME
- Personal name: Muhammad Khaliq Ul Rehman
670 ## - SOURCE DATA FOUND
- Source citation: Work cat.: (NUST): Muhammad Khaliq Ul Rehman , Ravi 2014 /, 2014.
